000 00387nam a22001697a 4500
003 OSt
005 20241126110329.0
008 160523b xxu||||| |||| 00| 0 eng d
040 _cGBC
082 _a266 COP
100 _4Copeland, E Luther
245 _aFrontiers of advance
260 _aNashville:
_bConvention press,
_cc1964
300 _a125p.
653 _aMission
942 _2ddc
_cBK
999 _c62
_d62